000 00817nam a22001935i 4500
001 171701
003 ES-MaACL
005 20230906214713.0
008 090526s1979 sp |||| | spa d
080 _a657:681.31.01
100 1 _aSoler Amaro, Ramón.
_9140346
245 1 0 _aManual de contabilidad y auditoría con ordenador
_b: (un modelo para la mecanización del Plan General de Contabilidad) /
_cRamón Soler Amaro ; prólogo José María Fernández Pirla.
260 _a[Madrid] :
_bEscuela de Inspección Financiera y Tributaria,
_c[1979]
300 _a447 p. :
_bil. ;
_c24 cm.
650 1 4 _aContabilidad-
_xProceso de datos.
_9140347
700 1 _aFernández Pirla, José María.
_950001
710 2 _aEscuela de Inspección Financiera y Tributaria (España)
_93549
852 _aES-MaACL
_jL-84
_9R.100590
999 _c171701
_d171701